LEADER 01353nam a2200289 u 4500 001 000000032567 003 CaOOAMICUS 005 20070226112251.0 008 971021s1986 it u000 u ita u 035 $a10773563 040 $aPUL(R)$bita 041 1 $aita$hger 100 1 $aSchweitzer, Albert,$d1875-1965.$0(OLS)http://pul/name/25642 240 10$aGeschichte der Leben-Jesu-Forschung.$lItaliano.$0(OLS)http://pul/title/44902 245 10$aStoria della ricerca sulla vita di Gesù /$cAlbert Schweitzer ; premessa all'edizione italiana di Erich Grässer ; introduzione di James M. Robinson ; edizione italiana a cura di Francesco Coppellotti. 260 $aBrescia :$bPaideia,$cc1986. 300 $a776 p. ;$c23 cm 490 1 $aBiblioteca di storia e storiografia dei tempi biblici ;$v4 500 $aInclude indici. 700 1 $aCoppellotti, Francesco.$0(OLS)http://pul/name/16395 830 0$aBiblioteca di storia e storiografia dei tempi biblici ;$v4.$0(OLS)http://pul/title/21058 850 $aPUL 852 $aPUL$W1$xSL Religione 1$y3$m9 D 58$j44869$nBK-PRI$b $qStampati$B44869$CPULBib$Z2$F44869 $H $81 941 1 $a8 961 $aINV: 55384 996 $6245$aStoria della ricerca sulla vita di Gesù$9(OLS)http://pul/title/44903 996 $6260$aBrescia :$bPaideia$9(OLS)http://pul/publisher/47884 LEADER 01757nam a2200361 u 4500 001 000000074928 003 CaOOAMICUS 005 20070226123038.0 008 021219m19941998stk u000 u eng u 020 $a056709653X (v. 1) 020 $a0567085422 (v. 2) 035 $a10949373 040 $aPUL$bita 100 1 $aBarrett, C. K.$q(Charles Kingsley),$d1917-$0(OLS)http://pul/name/12018 245 12$aA critical and exegetical commentary on the Acts of the Apostles /$cby C. K. Barrett. 260 $aEdinburgh :$bT. & T. Clark,$c1994-1998. 300 $a2 v. ;$c22 cm 490 1 $aInternational critical commentary on the Holy Scriptures of the Old and New Testaments 500 $aComprende indici. 504 $aContiene indicazioni bibliografiche. 505 0 $av. 1. I-XIV -- v. 2. XV-XXVIII. 630 04$aBiblia.$pN.T.$pActus apostolorum$xCommenti.$0(OLS)http://pul/subject/10480 830 0$aInternational critical commentary on the Holy Scriptures of the Old and New Testaments.$0(OLS)http://pul/title/41926 850 $aPUL 852 $aPUL$W1$xSL Religione 1$y3$m5 L 40.1.1-2$j96534$nBK-PRI$b $qStampati$B96534$CPULBib$Z2$F96534 $H $81 852 $aPUL$W1$xSL Religione 1$y3$m5 L 40.1.1-2$j96534$nBK-PRI$b $qStampati$B96535$CPULBib$Z2$F96535 $H $81 941 1 $a8 961 $aINV: 88289, 90319 961 $aINV: 88289, 90319 996 $6020$a056709653X (v. 1)$9(OLS)http://pul/number/97495 996 $6020$a0567085422 (v. 2)$9(OLS)http://pul/number/97496 996 $6245$aA critical and exegetical commentary on the Acts of the Apostles$9(OLS)http://pul/title/98283 996 $6260$aEdinburgh :$bT. & T. Clark$9(OLS)http://pul/publisher/51693